Medzinárodné obchodné podmienky - INCOTERMS ( s dôrazom na revíziu z roku 2010)

Saved in:
Bibliographic Details
Main Author: Valachovičová, Viktória
Format: Book Chapter
Language:Slovak
Tags: Add Tag
No Tags, Be the first to tag this record!

MARC

LEADER 00000nla$a2200000$$$4500
001 0128035
005 20240502072447.7
041 0 |a slo 
044 |a SK 
245 1 0 |a Medzinárodné obchodné podmienky - INCOTERMS  |b ( s dôrazom na revíziu z roku 2010)  |c Viktória Valachovičová 
500 |a Prezentácia 
100 1 |a Valachovičová, Viktória